00270pab a2200121 454500008004000000100001500040245003900055260000900094300000800103362000900111650001100120773001700131180718b1988 xxu||||| |||| 00| 0 eng d aSaha, B.P. aPrejudice and police investigation c1988 a1-3 aJun. aPolice aCBI Bulletin